Štúdium mechanizmu opotrebenia kovových materiálov

Guardado en:
Detalles Bibliográficos
Autor principal: Bratinka, Miloš, 1988- (Autor)
Otros Autores: Brusilová, Alena, 1970- (Orientador)
Formato: Manuscrito Libro
Lenguaje:eslovaco
Publicado: Bratislava : STU v Bratislave SjF, 2013
Materias:
Acceso en línea:VAIS
Etiquetas: Agregar Etiqueta
Sin Etiquetas, Sea el primero en etiquetar este registro!

MARC

LEADER 00000ntm a22000003a 4500
001 stu286812
005 20150617230254.6
008 140321s2013----xo------------------slo-d
040 |a STU  |b slo 
041 0 |a slo 
044 |a xo 
100 1 |a Bratinka, Miloš,  |d 1988-  |4 aut  |u J  |T SjF Strojnícka fakulta  |X 49199  |U J  |Y 20  |7 A000049199 
242 0 0 |a Study of wear mechanism of metallic materials  |y eng 
245 1 |a Štúdium mechanizmu opotrebenia kovových materiálov 
260 |a Bratislava :  |b STU v Bratislave SjF,  |c 2013 
650 7 |a Production Processes and Materials  |2 estusub 
650 7 |a wear  |2 estusub 
650 7 |a adhesion  |2 estusub 
650 7 |a friction  |2 estusub 
650 7 |a opotrebenie  |2 stusub 
650 7 |a adhézia  |2 stusub 
650 7 |a trenie  |2 stusub 
650 7 |a strojárske technológie a materiály  |2 stusub 
700 1 |a Brusilová, Alena,  |d 1970-  |4 ths  |u J280  |U SjF Ústav technológií a materiálov  |T SjF Katedra materiálov a technológií  |X 2293  |U J280  |Y 52  |7 A000002293 
856 4 |a info a plný text  |u http://is.stuba.sk/zp/portal_zp.pl?podrobnosti=94924  |3 VAIS 
996 |b 284J042362  |c J*1358/DP  |l JJSK  |s A  |a 24  |w stu286812_0001